000
00159nam a22000857a 4500
082
_a
823
100
_a
ANAND PAI
245
_a
THE GREEDY MOTHER IN LAW
942
_c
BK
999
_c
8342
_d
8342